ბათუმის შოთა რუსთაველის სახელმწიფო უნივერსიტეტის ბიბლიოთეკა

ჩანაწერი Corporate Name

ჩანაწერთა რაოდენობა, რომელიც გამოყენებულია: 1

001 - CONTROL NUMBER

  • control field: 20549

003 - CONTROL NUMBER IDENTIFIER

  • control field: GE_BSU

005 - DATE AND TIME OF LATEST TRANSACTION

  • control field: 20231201123010.0

008 - FIXED-LENGTH DATA ELEMENTS

  • fixed length control field: 231201|| aca||aabn | a|a d

040 ## - CATALOGING SOURCE

  • Original cataloging agency: GE_BSU
  • Transcribing agency: GE_BSU

110 ## - HEADING--CORPORATE NAME

  • Corporate name or jurisdiction name as entry element: Нац. АН Грузии.

670 ## - SOURCE DATA FOUND

  • Source citation: Work cat.: (GE_BSU): Метревели, Р. (Роин) 20546, Святой Давид Строитель - объединитель Кавказа /